La empresa, los sistemas informáticos complejos de la inteligencia artificial y sus riesgos (Registro nro. 35934)

Detalles MARC
000 -LEADER
fixed length control field 00360 a2200109 4500
001 - CONTROL NUMBER
control field ART_60134
005 - DATE AND TIME OF LATEST TRANSACTION
control field 20260410162052.0
008 - FIXED-LENGTH DATA ELEMENTS--GENERAL INFORMATION
fixed length control field 260409a
100 1# - MAIN ENTRY--PERSONAL NAME
Personal name Vega, Gerardo E.
245 10 - TITLE STATEMENT
Title La empresa, los sistemas informáticos complejos de la inteligencia artificial y sus riesgos
773 0# - HOST ITEM ENTRY
Title Impuestos
Related parts - N° 161 (dic. 2023)
Record control number REV45175

No hay ítems disponibles.